| 000 | 01146nam0a22002771 4500 | ||
|---|---|---|---|
| 001 | rc\3594631 | ||
| 005 | 20130115142537.9 | ||
| 021 |
_aRU _b[70-33049] |
||
| 035 | _a(NLR Aleph) 007810089 | ||
| 090 |
_a7710646 _c7710646 |
||
| 100 | _a20130115d1970 |||y0rusy50 ca | ||
| 101 | 0 | _arus | |
| 102 | _aRU | ||
| 105 | _aa z ||||| | ||
| 200 | 1 |
_aПрименение пестицидов в сельском хозяйстве _e[Сборник статей _fРед. коллегия: Г.С. Груздев (ред.) и др.] _gМ-во сел. хоз-ва СССР. Моск. с.-х. акад. им. К.А. Тимирязева |
|
| 210 |
_aМосква _cБ. и. _d1970 |
||
| 215 |
_a134 с. _cчерт. _d21 |
||
| 320 | _aБиблиогр. в конце статей | ||
| 606 |
_aЯдохимикаты в сельском хозяйстве _jСборники _2psbo |
||
| 702 | 1 |
_aГруздев _bГ. С. _4340 |
|
| 712 | 0 | 2 |
_aРоссийская с.-х. академия им. К. А. Тимирязева _3RU\NLR\AUTH\8817060 |
| 801 | 0 |
_aRU _bNLR _gpsbo |
|
| 801 | 1 |
_aRU _bELAR _2rusmarc |
|
| 852 |
_aNLR _j70-5/1312 |
||
| 942 | _cBOOK | ||
| 980 | _aNB | ||